| 000 | 00516nam a2200217Ia 4500 | ||
|---|---|---|---|
| 003 | 0100 | ||
| 008 | 130303s9999 xx 000 0 und d | ||
| 020 | _a0140252886 | ||
| 040 | _cARRUPELIB | ||
| 050 | _aBJ21.W49 2006 | ||
| 100 | _aWiggins, David | ||
| 245 | _aEthics | ||
| 245 | _btwelve Lectures on the Philosophy of Morality | ||
| 260 | _aLondon | ||
| 260 | _bPenguin Books | ||
| 260 | _C2006 | ||
| 300 | _ax | ||
| 300 | _b 393p. 24cm | ||
| 650 | _bHolocaust, Jewish (1939-1945) | ||
| 942 |
_2lcc _03 |
||
| 999 |
_c62929 _d62929 |
||